[Event "Labour Day op"]
[Site "Langley BC CAN"]
[Date "2006.09.04"]
[Round "5.10"]
[White "Firor, Jon"]
[Black "Sullivan, Brian"]
[Result "1-0"]
[WhiteElo "1792"]
[BlackElo "1605"]
[PlyCount "89"]
[EventDate "2006.09.02"]
[EventType "swiss"]
[EventRounds "6"]
[EventCountry "CAN"]

1. e4 c5 2. Nf3 d6 3. d4 cxd4 4. Nxd4 Nf6 5. Nc3 a6 6. Bc4 Bd7 7. O-O b5 8. Bd3
e5 9. Nb3 Nc6 10. Bg5 Be7 11. Qd2 Be6 12. f3 O-O 13. Rad1 Rc8 14. Qf2 Nb4 15.
Bxf6 Bxf6 16. Rfe1 Nxd3 17. Rxd3 Rc4 18. Rdd1 Rc6 19. Nd5 Bxd5 20. Rxd5 Qc7 21.
c3 Rc8 22. Red1 a5 23. Rxb5 a4 24. Nd2 a3 25. c4 axb2 26. Rxb2 Bg5 27. h4 Bxd2
28. Rbxd2 h6 29. f4 Rxc4 30. fxe5 Qc5 31. exd6 Qxf2+ 32. Kxf2 Rxe4 33. d7 Rd8
34. Re1 Rxe1 35. Kxe1 Kf8 36. Ke2 Ke7 37. Ke3 Rxd7 38. Rxd7+ Kxd7 39. Ke4 Kc6
40. Ke5 Kb5 41. Kd6 Ka4 42. Ke7 f5 43. h5 f4 44. Kf7 g5 45. hxg6 1-0

[Event "Labour Day op"]
[Site "Langley BC CAN"]
[Date "2006.09.04"]
[Round "5.11"]
[White "Davidson, Brian"]
[Black "Han, Yifei"]
[Result "0-1"]
[WhiteElo "1759"]
[BlackElo "1408"]
[PlyCount "84"]
[EventDate "2006.09.02"]
[EventType "swiss"]
[EventRounds "6"]
[EventCountry "CAN"]

1. d4 d5 2. Bg5 Nf6 3. Nd2 e6 4. e3 Be7 5. Bd3 h6 6. Bh4 b6 7. Ngf3 Bb7 8. O-O
O-O 9. Rc1 Nbd7 10. c4 c5 11. cxd5 Bxd5 12. b3 Bb7 13. h3 a6 14. Bg3 Rc8 15.
Qe2 b5 16. Rc2 cxd4 17. Nxd4 Rxc2 18. Bxc2 Nc5 19. Rd1 Nd5 20. Nb1 Qb6 21. a3
b4 22. a4 Rc8 23. Qg4 Nf6 24. Qe2 Nfe4 25. Bxe4 Nxe4 26. Bh2 Nc3 27. Nxc3 bxc3
28. Qc2 Bf6 29. Ne2 Qc6 30. f3 Qc5 31. Rd3 Qa3 32. Nxc3 Bxc3 33. Bc7 Bf6 34.
Rd7 Qa1+ 35. Kh2 Qc3 36. Rd8+ Rxd8 37. Qxc3 Bxc3 38. Bxd8 Bd5 39. a5 Bxb3 40.
Kg3 Kf8 41. Kf2 Bc4 42. Bb6 e5 0-1

[Event "Labour Day op"]
[Site "Langley BC CAN"]
[Date "2006.09.04"]
[Round "5.12"]
[White "Paulson, Stewart"]
[Black "Yee, Peter"]
[Result "0-1"]
[WhiteElo "1579"]
[BlackElo "1830"]
[PlyCount "140"]
[EventDate "2006.09.02"]
[EventType "swiss"]
[EventRounds "6"]
[EventCountry "CAN"]

1. d4 d6 2. Nf3 g6 3. b3 Bg7 4. Bb2 Nf6 5. e3 O-O 6. Nbd2 b6 7. c4 Bb7 8. Be2
Nbd7 9. h3 Re8 10. O-O d5 11. Rc1 c5 12. Re1 cxd4 13. exd4 Rc8 14. cxd5 Nxd5
15. Nc4 N7f6 16. Qd2 Rc7 17. Bf1 Qa8 18. Nce5 Rec8 19. Rxc7 Rxc7 20. Bd3 Qf8
21. Ng4 Ne8 22. Bc4 h5 23. Bxd5 Bxd5 24. Ngh2 Bh6 25. Qd3 e6 26. Nf1 Ng7 27.
N1d2 Qc8 28. Ne4 Ne8 29. Nc3 Bb7 30. Ne5 Bg7 31. Nxg6 fxg6 32. Qxg6 Nf6 33. Nb5
Bd5 34. Nxc7 Qxc7 35. Re3 Qf7 36. Qg3 Kh7 37. f3 Qg6 38. Qxg6+ Kxg6 39. Rc3 Ne8
40. Rc8 Kf7 41. Kf2 h4 42. Ke3 Bh6+ 43. Ke2 Ke7 44. Rc2 Kd7 45. Bc1 Bxc1 46.
Rxc1 Nd6 47. Kd3 Nf5 48. Re1 a5 49. Kc3 Kd6 50. a4 Kc6 51. Rc1 Kd6 52. Kd2 Bb7
53. Re1 Ng3 54. Re5 Ba6 55. Ke3 Nf5+ 56. Ke4 Bf1 57. Kf4 Nxd4 58. Rh5 Nf5 59.
Rg5 Bd3 60. Rg8 Kd7 61. Rb8 Kc7 62. Re8 Kd7 63. Rb8 Bf1 64. Rxb6 Bxg2 65. Kg4
Bf1 66. Rb8 Kc6 67. Re8 Nd4 68. Rc8+ Kd5 69. Rb8 Be2 70. Rd8+ Ke5 0-1

[Event "Labour Day op"]
[Site "Langley BC CAN"]
[Date "2006.09.04"]
[Round "5.18"]
[White "Enns, Edward"]
[Black "Pearce, Ken"]
[Result "1-0"]
[WhiteElo "1256"]
[BlackElo "1056"]
[PlyCount "59"]
[EventDate "2006.09.02"]
[EventType "swiss"]
[EventRounds "6"]
[EventCountry "CAN"]

1. d4 d5 2. c4 c6 3. Nc3 Nf6 4. Bg5 Bf5 5. f3 Nbd7 6. a4 Qc7 7. e3 e6 8. Rc1
Bd6 9. c5 Be7 10. b4 O-O 11. Bd3 Bxd3 12. Qxd3 e5 13. Nge2 Rfe8 14. O-O Bd8 15.
Qb1 e4 16. Bf4 Qc8 17. Ng3 Bc7 18. fxe4 Ng4 19. e5 Nxe3 20. Bxe3 Nxe5 21. dxe5
Bxe5 22. Qd3 Bxg3 23. hxg3 Qe6 24. Rf3 Re7 25. Qd4 Rae8 26. Bg5 f6 27. Bd2 Kf7
28. Re1 Qd7 29. Rxe7+ Qxe7 30. Re3 1-0

[Event "Labour Day op"]
[Site "Langley BC CAN"]
[Date "2006.09.04"]
[Round "6"]
[White "Angelvette, Duane"]
[Black "Parker, Dylan"]
[Result "0-1"]
[WhiteElo "1795"]
[BlackElo "1363"]
[PlyCount "44"]
[EventDate "2006.09.02"]
[EventType "swiss"]
[EventRounds "6"]
[EventCountry "CAN"]

1. e4 e5 2. Nf3 Nc6 3. Bc4 Bc5 4. b4 Bxb4 5. c3 Ba5 6. Qb3 Qe7 7. d4 exd4 8.
O-O dxc3 9. e5 c2 10. Nbd2 b6 11. Ne4 Bb7 12. Bg5 f6 13. exf6 Nxf6 14. Nxf6+
gxf6 15. Rfe1 Bxe1 16. Rxe1 c1=Q 17. Bxc1 Ne5 18. Nxe5 fxe5 19. Bb2 O-O-O 20.
Rxe5 Qg7 21. Bf1 Qg8 22. Qe3 Qxa2 0-1

[Event "Labour Day op"]
[Site "Langley BC CAN"]
[Date "2006.09.04"]
[Round "6"]
[White "Botez, Alexandra"]
[Black "Hara, George"]
[Result "1/2-1/2"]
[WhiteElo "1604"]
[BlackElo "1894"]
[PlyCount "97"]
[EventDate "2006.09.02"]
[EventType "swiss"]
[EventRounds "6"]
[EventCountry "CAN"]

1. d4 d5 2. c4 e6 3. Nf3 Nf6 4. Nc3 Be7 5. Bf4 O-O 6. e3 dxc4 7. Bxc4 Nbd7 8.
O-O Nh5 9. Bg3 Nxg3 10. fxg3 Nf6 11. d5 exd5 12. Nxd5 Nxd5 13. Bxd5 c6 14. Bb3
Qb6 15. Qd3 Rd8 16. Qc3 Bf6 17. Qc1 Re8 18. Re1 Be6 19. Nd2 Bg5 20. Nc4 Bxc4
21. Qxc4 Re7 22. Kh1 Bxe3 23. Rf1 Qc7 24. Rae1 Rf8 25. Rf3 Bg5 26. Ref1 Kh8 27.
Qc3 Qe5 28. Qxe5 Rxe5 29. Rxf7 Rxf7 30. Bxf7 g6 31. h4 Bd2 32. Kh2 Kg7 33. Bb3
Re7 34. Rf3 Bb4 35. a3 Bc5 36. Bc4 Bd4 37. b3 Bf6 38. a4 a6 39. Kh3 b5 40. axb5
axb5 41. Bf1 b4 42. Bc4 c5 43. g4 h6 44. g3 Re1 45. Rf1 Re3 46. Kg2 Re4 47. Kh3
g5 48. h5 Re3 49. Rf5 1/2-1/2

[Event "Labour Day op"]
[Site "Langley BC CAN"]
[Date "2006.09.04"]
[Round "6"]
[White "Goodman, Kevin"]
[Black "Gaciu, Vlad"]
[Result "0-1"]
[WhiteElo "1841"]
[BlackElo "1920"]
[PlyCount "70"]
[EventDate "2006.09.02"]
[EventType "swiss"]
[EventRounds "6"]
[EventCountry "CAN"]

1. d4 f5 2. Nf3 Nf6 3. c4 e6 4. g3 Be7 5. Bg2 d6 6. Nc3 O-O 7. O-O Ne4 8. Qc2
Nxc3 9. bxc3 d5 10. Ne5 c6 11. Qb3 Nd7 12. Nxd7 Qxd7 13. cxd5 exd5 14. c4 dxc4
15. Qxc4+ Kh8 16. Bf4 Bd6 17. d5 c5 18. Bxd6 Qxd6 19. f3 f4 20. gxf4 Rxf4 21.
e4 Rh4 22. f4 Qh6 23. f5 Qe3+ 24. Rf2 Bxf5 25. Qe2 Qxe2 26. Rxe2 Bd7 27. e5 Re8
28. e6 Bb5 29. Rf2 Rg4 30. Rf7 Bc4 31. Kf2 Kg8 32. Rd1 a6 33. Rxb7 Rf8+ 34. Kg1
Be2 35. Rd2 Rf1# 0-1

[Event "Labour Day op"]
[Site "Langley BC CAN"]
[Date "2006.09.04"]
[Round "6"]
[White "Kelman, Sean"]
[Black "Han, Yiming"]
[Result "1/2-1/2"]
[WhiteElo "1743"]
[BlackElo "1330"]
[PlyCount "29"]
[EventDate "2006.09.02"]
[EventType "swiss"]
[EventRounds "6"]
[EventCountry "CAN"]

1. e4 e5 2. Nf3 Nc6 3. Bc4 Bc5 4. c3 Nf6 5. d3 d6 6. Bg5 h6 7. Bh4 Be6 8. Nbd2
Qe7 9. Qe2 g5 10. Bg3 O-O-O 11. b4 Bb6 12. a4 a5 13. b5 Nb8 14. Bxe6+ fxe6 15.
Nc4 1/2-1/2

[Event "Labour Day op"]
[Site "Langley BC CAN"]
[Date "2006.09.04"]
[Round "6"]
[White "Lohner, Jason"]
[Black "Fletcher, Christopher"]
[Result "1/2-1/2"]
[WhiteElo "1220"]
[BlackElo "1613"]
[PlyCount "49"]
[EventDate "2006.09.02"]
[EventType "swiss"]
[EventRounds "6"]
[EventCountry "CAN"]

1. e4 e6 2. d4 d5 3. Nc3 dxe4 4. Nxe4 Nf6 5. Bg5 Be7 6. Nxf6+ Bxf6 7. Bxf6 Qxf6
8. Nf3 O-O 9. Be2 c5 10. c3 cxd4 11. cxd4 Nc6 12. Qa4 Bd7 13. O-O Rfd8 14. Rad1
e5 15. dxe5 Nxe5 16. Qa3 Bc6 17. Rxd8+ Rxd8 18. Rd1 Nxf3+ 19. Bxf3 Rxd1+ 20.
Bxd1 Qg5 21. Bf3 Qd2 22. h3 Qc1+ 23. Kh2 Qf4+ 24. Kg1 Bxf3 25. gxf3 1/2-1/2

[Event "Labour Day op"]
[Site "Langley BC CAN"]
[Date "2006.09.04"]
[Round "6"]
[White "Paulson, Stewart"]
[Black "Leblanc, Paul"]
[Result "0-1"]
[WhiteElo "1579"]
[BlackElo "1989"]
[PlyCount "86"]
[EventDate "2006.09.02"]
[EventType "swiss"]
[EventRounds "6"]
[EventCountry "CAN"]

1. d4 d5 2. Nf3 c6 3. Bg5 Bf5 4. c3 Nd7 5. Nbd2 Qc7 6. e3 e6 7. Bf4 Bd6 8. Bxd6
Qxd6 9. Be2 Ngf6 10. h3 h6 11. Nh4 Bh7 12. Qb3 O-O 13. O-O-O b5 14. a3 a5 15.
Nb1 Rfb8 16. Bd3 Ne4 17. Bxe4 Bxe4 18. Nf3 b4 19. a4 bxc3 20. Qxc3 Nb6 21. Qc5
Qxc5+ 22. dxc5 Nxa4 23. Nfd2 Bh7 24. f3 Nxc5 25. Rdf1 Nd3+ 26. Kd1 Nxb2+ 27.
Ke1 Nd3+ 28. Ke2 Rb2 29. e4 Nf4+ 30. Kf2 dxe4 31. fxe4 Bxe4 32. Rhg1 Bd5 33.
Ke3 e5 34. Rf2 Rab8 35. h4 f6 36. Nc3 Be6 37. Rc1 Nd5+ 38. Nxd5 cxd5 39. Ra1
d4+ 40. Ke4 R2b5 41. Ra3 Rc5 42. Rg3 f5+ 43. Kf3 Rc3+ 0-1

[Event "Labour Day op"]
[Site "Langley BC CAN"]
[Date "2006.09.04"]
[Round "6"]
[White "Spaan, Richard"]
[Black "Firor, Jon"]
[Result "1-0"]
[WhiteElo "1854"]
[BlackElo "1792"]
[PlyCount "71"]
[EventDate "2006.09.02"]
[EventType "swiss"]
[EventRounds "6"]
[EventCountry "CAN"]

1. e4 c5 2. Nf3 d6 3. d4 cxd4 4. Nxd4 Nf6 5. Nc3 a6 6. Bg5 e6 7. f4 Be7 8. Bd3
h6 9. Bh4 Nxe4 10. Bxe7 Nxc3 11. Bxd8 Nxd1 12. Rxd1 Kxd8 13. O-O Nc6 14. Nf3
Kc7 15. c3 b6 16. Rf2 Bb7 17. Rfd2 Rad8 18. f5 e5 19. Bc4 e4 20. Nd4 Ne5 21.
Bxf7 Nxf7 22. Ne6+ Kc8 23. Nxd8 Rxd8 24. c4 Kc7 25. b4 Ne5 26. c5 bxc5 27. bxc5
d5 28. Rb2 Nd3 29. Rb6 Nxc5 30. Rg6 Nd3 31. Rxg7+ Rd7 32. f6 Ne5 33. Rf1 Rf7
34. Rf5 Kd6 35. Rxe5 Kxe5 36. Rxf7 1-0

[Event "Labour Day op"]
[Site "Langley BC CAN"]
[Date "2006.09.04"]
[Round "6.2"]
[White "Burke, Paul"]
[Black "Moore, David"]
[Result "1-0"]
[WhiteElo "1989"]
[BlackElo "1980"]
[PlyCount "68"]
[EventDate "2006.09.02"]
[EventType "swiss"]
[EventRounds "6"]
[EventCountry "CAN"]

1. e4 c5 2. d4 cxd4 3. c3 g6 4. cxd4 Bg7 5. Nf3 d6 6. Nc3 Nf6 7. Bb5+ Bd7 8. e5
dxe5 9. dxe5 Ng4 10. e6 fxe6 11. Ng5 Nxf2 12. Bxd7+ Nxd7 13. Kxf2 O-O+ 14. Ke1
Qb6 15. Qe2 Ne5 16. Nf3 Nxf3+ 17. gxf3 Qc6 18. Ne4 Rac8 19. Rf1 Rf5 20. Be3 Qa4
21. b3 Qa5+ 22. Bd2 Qa3 23. Rd1 Qxa2 24. Qd3 Rd5 25. Qb1 Qa6 26. Kf2 Rf8 27.
Kg1 Qe2 28. Rde1 Qa6 29. Bc3 Bxc3 30. Nxc3 Rg5+ 31. Kh1 Rgf5 32. Qe4 R5f6 33.
Qe3 Kg7 34. Ne4 Rf5 1-0

[Event "Labour Day op"]
[Site "Langley BC CAN"]
[Date "2006.09.04"]
[Round "6.7"]
[White "Yee, Peter"]
[Black "Milner, Arie"]
[Result "1-0"]
[WhiteElo "1830"]
[BlackElo "1744"]
[PlyCount "130"]
[EventDate "2006.09.02"]
[EventType "swiss"]
[EventRounds "6"]
[EventCountry "CAN"]

1. d4 c6 2. c4 d5 3. Nc3 Nf6 4. Bf4 e6 5. e3 Be7 6. Nf3 Nbd7 7. Bd3 O-O 8. O-O
Re8 9. c5 b6 10. b4 Kh8 11. Qc2 a5 12. a3 Ba6 13. b5 cxb5 14. c6 Nf8 15. Nxb5
Bxb5 16. Bxb5 Qc8 17. h3 Ng6 18. Bh2 Rf8 19. Rfb1 Ne8 20. Bd3 Bd8 21. Rc1 Bc7
22. Bxg6 hxg6 23. Ne5 Nf6 24. a4 Kg8 25. Rab1 Rb8 26. Qd3 Re8 27. Kh1 Rd8 28.
Qb5 Ra8 29. Rc2 Rb8 30. Rbc1 g5 31. Qe2 Re8 32. Nf3 g4 33. hxg4 Nxg4 34. Bxc7
Qxc7 35. g3 e5 36. Nd2 Nf6 37. dxe5 Rxe5 38. Nf3 Rh5+ 39. Kg2 Ne4 40. Rh1 Rxh1
41. Kxh1 Nc5 42. Qb5 f6 43. Rd2 Rd8 44. Nd4 Kf7 45. Rb2 Rh8+ 46. Kg2 Rb8 47.
Rb1 Qe5 48. Rd1 Qe4+ 49. Nf3 g5 50. Rd4 Qe6 51. Kf1 Kg7 52. Nd2 Qh3+ 53. Ke2
Qe6 54. g4 Kg6 55. Nf3 Ne4 56. Rd3 Nc5 57. Rc3 Kf7 58. Rxc5 bxc5 59. Qxb8 Qxc6
60. Qb5 Qc7 61. Kd2 Ke7 62. Qb1 Ke6 63. Qf5+ Ke7 64. Qh7+ Kd8 65. Qxc7+ Kxc7
1-0

[Event "Labour Day op"]
[Site "Langley BC CAN"]
[Date "2006.09.04"]
[Round "6.11"]
[White "Li, Changhe"]
[Black "Long, Hugh"]
[Result "1-0"]
[WhiteElo "1238"]
[BlackElo "1736"]
[PlyCount "83"]
[EventDate "2006.09.02"]
[EventType "swiss"]
[EventRounds "6"]
[EventCountry "CAN"]

1. e4 d5 2. exd5 Nf6 3. Nc3 Nxd5 4. d4 Bf5 5. Nxd5 Qxd5 6. Nf3 Nc6 7. c4 Qe4+
8. Be2 O-O-O 9. Ng5 Qxd4 10. Nxf7 Qe4 11. Nxd8 Nxd8 12. f3 Qc6 13. O-O e5 14.
Kh1 Bc5 15. Bd3 Bg6 16. a3 Bd4 17. Qe2 Ne6 18. Be4 Qb6 19. Rb1 Qb3 20. Rd1 Nc5
21. Bg5 Rf8 22. Bxg6 hxg6 23. Be7 Rh8 24. Rxd4 exd4 25. Bxc5 d3 26. Qd2 b6 27.
Bf2 Re8 28. Re1 Rd8 29. h3 Qc2 30. Rd1 Kb7 31. Kh2 Qxc4 32. Qc3 Qxc3 33. bxc3
Kc6 34. a4 Kb7 35. Kg3 c5 36. Kf4 c4 37. Kg5 Rd6 38. Bd4 Re6 39. Bxg7 Re2 40.
g4 Ka6 41. Kxg6 Ka5 42. f4 1-0

[Event "Labour Day op"]
[Site "Langley BC CAN"]
[Date "2006.09.04"]
[Round "6.18"]
[White "Stockhausen, Peter"]
[Black "Steinmetz, Fred"]
[Result "0-1"]
[WhiteElo "1589"]
[BlackElo "1433"]
[PlyCount "24"]
[EventDate "2006.09.02"]
[EventType "swiss"]
[EventRounds "6"]
[EventCountry "CAN"]

1. e4 e5 2. f4 d6 3. Nf3 Nf6 4. Nc3 Nbd7 5. Bc4 h6 6. O-O c6 7. Kh1 Qc7 8. Bb3
Nc5 9. Bc4 Nfxe4 10. Nxe4 Nxe4 11. d4 d5 12. Bd3 Kd8 0-1

[Event "Labour Day op"]
[Site "Toronto CAN"]
[Date "2006.09.02"]
[Round "1"]
[White "Khoudgarian, Natalia"]
[Black "Shah, Omar"]
[Result "1-0"]
[WhiteElo "2265"]
[BlackElo "1904"]
[PlyCount "57"]
[EventDate "2006.09.02"]
[EventType "swiss"]
[EventRounds "6"]
[EventCountry "CAN"]

1. e4 c5 2. Nf3 d6 3. c3 Nf6 4. Be2 Nbd7 5. d3 e6 6. O-O Be7 7. Re1 b6 8. Bf1
Bb7 9. Nbd2 O-O 10. a4 a6 11. b4 Qc7 12. Qb3 Rfc8 13. Bb2 Bf8 14. Rac1 Rab8 15.
b5 axb5 16. axb5 Ra8 17. g3 Ng4 18. d4 Ngf6 19. e5 dxe5 20. dxe5 c4 21. Bxc4
Ng4 22. Bxe6 Ngxe5 23. Nxe5 Nxe5 24. Bf5 Rd8 25. c4 Rxd2 26. Rxe5 Bc5 27. Qc3
Rxb2 28. Qxb2 Ba3 29. Qe2 1-0

[Event "Laval XXII"]
[Site "Laval CAN"]
[Date "2006.11.24"]
[Round "1"]
[White "Archambault, Serge"]
[Black "Sedek, Mario"]
[Result "1-0"]
[WhiteElo "1781"]
[BlackElo "1674"]
[PlyCount "53"]
[EventDate "2006.11.24"]
[EventType "swiss"]
[EventRounds "5"]
[EventCountry "CAN"]

1. d4 d5 2. c4 e6 3. Nc3 Nf6 4. Bg5 Be7 5. Nf3 O-O 6. e3 Nbd7 7. Rc1 h6 8. Bxf6
Nxf6 9. Bd3 dxc4 10. Bxc4 Re8 11. O-O a6 12. Re1 b5 13. Bd3 Bb7 14. a3 Rc8 15.
e4 c5 16. dxc5 Bxc5 17. e5 Nd5 18. Ne4 Ba7 19. Rxc8 Bxc8 20. Nd6 Re7 21. Be4
Nb6 22. Nd4 Rc7 23. Qf3 Nc4 24. Nc6 Qg5 25. Nxc8 Qd2 26. Rd1 Bxf2+ 27. Kh1 1-0

[Event "Laval XXII"]
[Site "Laval CAN"]
[Date "2006.11.24"]
[Round "1"]
[White "Libersan, Thierry"]
[Black "Giroux, Robert"]
[Result "1-0"]
[WhiteElo "2105"]
[BlackElo "1801"]
[PlyCount "81"]
[EventDate "2006.11.24"]
[EventType "swiss"]
[EventRounds "5"]
[EventCountry "CAN"]

1. e4 c5 2. Nf3 Nc6 3. Nc3 Nf6 4. Bb5 Qc7 5. O-O g6 6. Re1 e5 7. Nd5 Qd8 8. c3
a6 9. Bf1 d6 10. d4 h6 11. b4 cxd4 12. cxd4 Bg7 13. Bb2 O-O 14. dxe5 Ng4 15.
Qb3 Ngxe5 16. Nxe5 dxe5 17. Rad1 Be6 18. f4 Nd4 19. Qd3 Nc6 20. a3 Qb8 21. g3
Qa7+ 22. Kh1 b5 23. Bg2 Rac8 24. h3 Rfd8 25. Re2 Qb8 26. Qb1 exf4 27. Bxg7 Kxg7
28. gxf4 f6 29. Qa1 Rf8 30. Rf1 Nd8 31. f5 Bxd5 32. exd5 g5 33. Rfe1 Nf7 34.
Re7 Qf4 35. Rf1 Qd2 36. Rd1 Qf4 37. d6 Qxf5 38. Rf1 Qg6 39. Be4 Qh5 40. Qxf6+
Kg8 41. Qf5 1-0

[Event "Laval XXII"]
[Site "Laval CAN"]
[Date "2006.11.24"]
[Round "1"]
[White "Roy, Myriam"]
[Black "Poirier, Erik"]
[Result "1/2-1/2"]
[WhiteElo "1845"]
[BlackElo "2116"]
[PlyCount "59"]
[EventDate "2006.11.24"]
[EventType "swiss"]
[EventRounds "5"]
[EventCountry "CAN"]

1. e4 c5 2. Nf3 Nc6 3. d4 cxd4 4. Nxd4 Nf6 5. Nc3 e5 6. Ndb5 d6 7. Bg5 a6 8.
Na3 b5 9. Nd5 Be7 10. Bxf6 Bxf6 11. c3 Ne7 12. Nxf6+ gxf6 13. Qf3 f5 14. exf5
Bxf5 15. Bd3 Be6 16. Qf6 O-O 17. O-O Ng6 18. Qxd8 Raxd8 19. Rfd1 d5 20. Nc2 Ne7
21. a4 Rb8 22. axb5 axb5 23. Ra5 Rfc8 24. Rxb5 Rxb5 25. Bxb5 d4 26. Ne1 dxc3
27. bxc3 Rxc3 28. h3 Nd5 29. Nd3 f6 30. Rc1 1/2-1/2

[Event "Laval XXII"]
[Site "Laval CAN"]
[Date "2006.11.25"]
[Round "2"]
[White "Fournelle, Patrick"]
[Black "Arseneault, Marc"]
[Result "0-1"]
[WhiteElo "1571"]
[BlackElo "1668"]
[PlyCount "58"]
[EventDate "2006.11.24"]
[EventType "swiss"]
[EventRounds "5"]
[EventCountry "CAN"]

1. e4 c5 2. Nf3 Nc6 3. d4 cxd4 4. Nxd4 d6 5. Be3 Nf6 6. Nc3 Ng4 7. Qd2 Nxe3 8.
Qxe3 g6 9. Bb5 Bd7 10. f4 Qb6 11. O-O-O Bg7 12. e5 dxe5 13. fxe5 Nxe5 14. Rhe1
O-O 15. Bxd7 Nxd7 16. Nd5 Qc5 17. Qe4 Ne5 18. Nf3 Nc4 19. Nxe7+ Kh8 20. c3 Nxb2
21. Re2 Nxd1 22. Kxd1 Qxc3 23. Rc2 Qa1+ 24. Ke2 Rad8 25. Kf2 Qb1 26. Qc4 Qb6+
27. Ke1 Qe3+ 28. Re2 Bc3+ 29. Kf1 Rd1+ 0-1

[Event "Laval XXII"]
[Site "Laval CAN"]
[Date "2006.11.25"]
[Round "2"]
[White "Luksza, Arkadiusz"]
[Black "Roy, Myriam"]
[Result "1-0"]
[WhiteElo "2211"]
[BlackElo "1845"]
[PlyCount "47"]
[EventDate "2006.11.24"]
[EventType "swiss"]
[EventRounds "5"]
[EventCountry "CAN"]

1. Nf3 d5 2. d4 e6 3. c4 c5 4. Nc3 Nc6 5. cxd5 exd5 6. g3 Be6 7. Bg2 Nf6 8. O-O
Be7 9. b3 Rc8 10. Bb2 O-O 11. Rc1 cxd4 12. Nxd4 Nxd4 13. Qxd4 Bc5 14. Qh4 Qe7
15. Nb5 a6 16. Nd4 Ba3 17. Nxe6 Bxb2 18. Nxf8 Bxc1 19. Nxh7 Bb2 20. Nxf6+ Bxf6
21. Qg4 Rc2 22. e3 Qc7 23. Bxd5 Rxa2 24. Qe4 1-0

[Event "Laval XXII"]
[Site "Laval CAN"]
[Date "2006.11.25"]
[Round "2"]
[White "Poirier, Erik"]
[Black "Trinh, Tri Bao"]
[Result "1/2-1/2"]
[WhiteElo "2116"]
[BlackElo "2016"]
[PlyCount "64"]
[EventDate "2006.11.24"]
[EventType "swiss"]
[EventRounds "5"]
[EventCountry "CAN"]

1. d4 Nf6 2. c4 e6 3. Nc3 Bb4 4. e3 b6 5. Bd3 Bb7 6. Nf3 Ne4 7. Qc2 f5 8. O-O
Bxc3 9. bxc3 O-O 10. Nd2 Nxd2 11. Bxd2 Nc6 12. f3 Na5 13. c5 Bc6 14. c4 Nb7 15.
e4 d6 16. d5 exd5 17. exd5 Be8 18. Bxf5 Rxf5 19. Qxf5 Nxc5 20. Bg5 Qc8 21. Qxc8
Rxc8 22. Rfe1 h6 23. Bh4 Bg6 24. Re3 a5 25. Rd1 Rf8 26. Rd4 Bb1 27. Re7 g5 28.
Bf2 Rf7 29. Rxf7 Kxf7 30. Rd2 Nd3 31. Rd1 Bc2 32. Rd2 Bb1 1/2-1/2

[Event "Laval XXII"]
[Site "Laval CAN"]
[Date "2006.11.25"]
[Round "2"]
[White "Poschmann, Jeremie"]
[Black "Archambault, Serge"]
[Result "1/2-1/2"]
[WhiteElo "1649"]
[BlackElo "1781"]
[PlyCount "146"]
[EventDate "2006.11.24"]
[EventType "swiss"]
[EventRounds "5"]
[EventCountry "CAN"]

1. d4 g6 2. c4 Bg7 3. g3 f5 4. Bg2 c6 5. Nc3 d6 6. Nf3 Nd7 7. O-O Qc7 8. e4 Nb6
9. b3 fxe4 10. Nxe4 Bf5 11. Re1 Bxe4 12. Rxe4 Nf6 13. Re2 O-O 14. Ng5 Rae8 15.
Ne6 Qb8 16. Nxf8 Bxf8 17. Re6 Nbd7 18. Bh3 Bg7 19. Qe2 Qd8 20. Bb2 Nf8 21. Re3
N6d7 22. d5 cxd5 23. Bxg7 Kxg7 24. cxd5 Nf6 25. Qd3 N8d7 26. Qd4 Qb6 27. Qc3
Ne5 28. Rae1 Nxd5 29. Qd2 Nxe3 30. Rxe3 Rf8 31. Bg2 Qc7 32. h3 Rf6 33. Rc3 Qb6
34. Qc2 Rf7 35. Bd5 e6 36. Bg2 d5 37. Re3 Nd7 38. Qe2 Rf6 39. h4 Qd6 40. Bh3
Nf8 41. Qb5 b6 42. Rc3 Qe5 43. Re3 Qa1+ 44. Kg2 Qxa2 45. Re2 Qa3 46. h5 Qd6 47.
Qa4 a5 48. Qd4 Kf7 49. hxg6+ Nxg6 50. f4 Ne7 51. Re5 Qb4 52. Qd3 Ng6 53. Re2
Qd6 54. Qd4 h5 55. Re5 h4 56. Rh5 Kg7 57. Rh7+ Kxh7 58. Qxf6 hxg3 59. Kxg3 Qb4
60. Bxe6 Qxb3+ 61. Kg4 Qd1+ 62. Kg5 Qg1+ 63. Bg4 Nxf4 64. Qxf4 Qa1 65. Bf5+ Kg7
66. Qc7+ Kf8 67. Qd8+ Kf7 68. Qxd5+ Kf8 69. Qd8+ Kf7 70. Bg6+ Ke6 71. Qxb6+ Kd5
72. Bf7+ Ke4 73. Qe6+ Qe5+ 1/2-1/2

[Event "Laval XXII"]
[Site "Laval CAN"]
[Date "2006.11.26"]
[Round "3"]
[White "Benoit-Deschamps, Jean-Marc"]
[Black "Anastasovski, Nikola"]
[Result "1-0"]
[WhiteElo "2095"]
[BlackElo "2176"]
[PlyCount "137"]
[EventDate "2006.11.24"]
[EventType "swiss"]
[EventRounds "5"]
[EventCountry "CAN"]

1. d4 f5 2. Nc3 e6 3. e4 Bb4 4. exf5 exf5 5. Bd3 Qf6 6. Nf3 Qe6+ 7. Be2 Ne7 8.
O-O Bxc3 9. bxc3 O-O 10. c4 d6 11. Bb2 Nd7 12. Re1 h6 13. Bd3 Qf7 14. Qd2 Nf6
15. Re2 Bd7 16. Rae1 Ng6 17. d5 b6 18. Nd4 Ne5 19. Nxf5 Nfg4 20. Bxe5 Bxf5 21.
Bg3 Bxd3 22. Re7 Qf6 23. cxd3 Rf7 24. Rxf7 Qxf7 25. Re6 Re8 26. Qe2 Nf6 27. f4
Kf8 28. d4 Nh5 29. Rxe8+ Qxe8 30. Qxe8+ Kxe8 31. Kf2 Nf6 32. Kf3 h5 33. f5 a6
34. Bh4 Nd7 35. Kf4 b5 36. cxb5 axb5 37. Kg5 Nb6 38. Kg6 Kf8 39. Kxh5 Nxd5 40.
Kg4 Ne3+ 41. Kg5 Nc2 42. Kg6 Nxd4 43. f6 Ne6 44. Bg3 gxf6 45. Kxf6 Nc5 46. Be1
Ke8 47. h4 Nd7+ 48. Kg7 d5 49. h5 d4 50. h6 Nf8 51. h7 Nxh7 52. Kxh7 Kf7 53. g4
Kf6 54. Bh4+ Ke5 55. g5 c5 56. g6 d3 57. Be1 b4 58. g7 Ke4 59. g8=Q Ke3 60. Qc4
Ke2 61. Bxb4 cxb4 62. Qxb4 d2 63. a4 d1=Q 64. Qg4+ Kd2 65. Qxd1+ Kxd1 66. a5
Kc2 67. a6 Kd3 68. a7 Kc4 69. a8=Q 1-0

[Event "Laval XXII"]
[Site "Laval CAN"]
[Date "2006.11.25"]
[Round "3"]
[White "Duplessis, Jean-Roch"]
[Black "Archambault, Serge"]
[Result "1/2-1/2"]
[WhiteElo "1637"]
[BlackElo "1681"]
[PlyCount "99"]
[EventDate "2006.11.24"]
[EventType "swiss"]
[EventRounds "5"]
[EventCountry "CAN"]

1. e4 e5 2. Nf3 Nf6 3. Nc3 Nc6 4. Bb5 d6 5. d4 Bd7 6. O-O a6 7. Bxc6 Bxc6 8.
dxe5 dxe5 9. Qxd8+ Rxd8 10. Nxe5 Bxe4 11. Bg5 Bf5 12. Rfe1 Be7 13. Re2 O-O 14.
Nc6 bxc6 15. Rxe7 Rd7 16. Bxf6 gxf6 17. Rxd7 Bxd7 18. Ne4 Kg7 19. Nc5 Bc8 20.
Re1 Rd8 21. Kf1 Kf8 22. Re3 Rd5 23. Ne4 Bf5 24. f3 Kg7 25. Rc3 Bd7 26. Nc5 Bc8
27. Nd3 Rd6 28. Nb4 Bb7 29. Rc5 Kf8 30. Ra5 Rd2 31. Rc5 Ke7 32. Rh5 Kd6 33.
Rxh7 a5 34. Nd3 Rxc2 35. Ke1 Ba6 36. Nf4 Bc4 37. b3 Be6 38. h4 Ke7 39. Rh8 f5
40. Ra8 Rxa2 41. Nxe6 fxe6 42. Kf1 Ra3 43. Kf2 Rxb3 44. Rxa5 f4 45. g4 fxg3+
46. Kxg3 Rd3 47. Ra8 Kf6 48. Ra6 c5 49. Rc6 Rd5 50. Rxc7 1/2-1/2

[Event "Laval XXII"]
[Site "Laval CAN"]
[Date "2006.11.25"]
[Round "3"]
[White "Poirier, Erik"]
[Black "Luksza, Arkadiusz"]
[Result "0-1"]
[WhiteElo "2116"]
[BlackElo "2211"]
[PlyCount "104"]
[EventDate "2006.11.24"]
[EventType "swiss"]
[EventRounds "5"]
[EventCountry "CAN"]

1. d4 Nf6 2. c4 g6 3. Nc3 d5 4. cxd5 Nxd5 5. e4 Nxc3 6. bxc3 Bg7 7. Nf3 c5 8.
Rb1 O-O 9. Be2 b6 10. O-O Bb7 11. Qd3 Ba6 12. Qe3 Qd7 13. Bxa6 Nxa6 14. Qe2 Qa4
15. Rb3 Nc7 16. d5 h6 17. Bf4 Nxd5 18. exd5 Qxf4 19. Qxe7 Rfe8 20. Qb7 c4 21.
Ra3 Qd6 22. Rxa7 Rxa7 23. Qxa7 Bxc3 24. Qa4 Rc8 25. Rc1 Bb4 26. Qa6 Rc5 27.
Rxc4 Rxd5 28. g3 Bc5 29. Rf4 Rd1+ 30. Kg2 Qd5 31. Qc4 Kg7 32. Qc3+ Kg8 33. Qc4
g5 34. Qxd5 Rxd5 35. Rc4 f5 36. Rc2 Kf7 37. Nd2 Kf6 38. Nb3 Ke6 39. Nxc5+ bxc5
40. Kf3 Kd6 41. Ke3 Kc6 42. Ke2 Re5+ 43. Kd3 Re4 44. Kc3 g4 45. Kd3 Rd4+ 46.
Kc3 f4 47. gxf4 Rxf4 48. Rb2 h5 49. Kd3 Kd5 50. Rd2 Rf3+ 51. Ke2+ Kc4 52. Kf1
Kb4 0-1